| 000 | 01135nam a22002777a 4500 | ||
|---|---|---|---|
| 005 | 20240305165612.0 | ||
| 007 | cr|||| |||| | ||
| 008 | 210817s2006 ca |||||s|||| 00||0 eng d | ||
| 020 | _a9781552212868 | ||
| 035 | _a34893 | ||
| 040 | _avLex | ||
| 090 |
_c12031 _d12031 |
||
| 100 | 1 | _aDaylen, Judith | |
| 245 | 1 | 0 |
_aTrauma, Trials, and Transformation _h[Recurso electrónico] / _cJudith Daylen, Wendy van Tongeren Harvey, Dennis OToole |
| 256 | _aServicio en línea | ||
| 260 |
_aToronto: _bIrwin Law Inc., _c2006 |
||
| 300 | _a1 recurso electrónico | ||
| 506 | 1 |
_aDisponible solo en los productos indicados _dvLex Global _dvLex Global (Academic Edition, excluding Law Schools) _dvLex Global (U.S. Academic Edition, Law Schools) _dvLex Global (U.S. Academic Edition, excluding Law Schools) _dvLex Global (Academic Edition, Law Schools) |
|
| 650 | 0 | 4 |
_aDerecho Penal _zCanadá |
| 650 | 0 | 4 |
_aDerecho Público y Administrativo _zCanadá |
| 700 | 1 | _avan Tongeren Harvey, Wendy | |
| 700 | 1 | _aOToole, Dennis | |
| 740 | 0 | _avLex Libros (Servicio en línea) | |
| 856 | 4 | 0 | _uhttps://app.vlex.com/#/sources/34893 |
| 942 | _cRAA | ||
| 999 |
_c170267 _d170267 |
||